zpět

Detail výsledku týmu

Chicago Bar & Grill ČT, Liberec

Datum a čas kvízu

39.5 Celkem bodů Celkový počet nahraných bodů na tomto kvízu bez doplňovacích otázek.
1. Pořadí na kvízu Konečné umístění týmu na tomto kvízu.

Zaznamenané odpovědi

# Otázka Odpověď Body Výsledky
1. Velmi netradiční letní zábavu... v Náchodě 0
2. Společnost Air Baltic spustila... Kunda 1
3. 39letá americká zpěvačka natoč... Katy Perry 0
4. Ve čtvrtek byla v aukci v Los... klobouk (Indiany Jonese) 1
5. 21letá Andrea Klementová z Tře... přeplavala kanál La Manche 0
6. Na konci kterého amerického fi... Hudbu složil, slova napsal (Music and Lyrics) 1
7. Francouzská hudební komedie s... Piti Piti Pa 1
8. Animovaný hudební film Alvin a... Simon a Theodor 1
9. V Hříšném tanci si zahráli hla... Frances, Baby 0.5
10. Který hudební film s Karlem Go... Hvězda padá vzhůru 0